[Event "Campionatul Naíonal pe echipe-Divizia "]
[Site "Mamaia-jud.Constanta"]
[Date "2015.10.06"]
[Round "4.4"]
[White "Patrascu, Catalin  Lucian"]
[Black "Lazar, Dorin"]
[Result "1-0"]
[WhiteElo "2236"]
[BlackElo "2090"]
[PlyCount "90"]
[EventDate "2015.10.03"]
[EventType "team"]
[EventRounds "9"]
[WhiteTeam "ACS PHEONIX  BUZAU"]
[BlackTeam "CS SÎNANDREI-CSS NR.1 TIMI?OARA"]

1. e4 d6 2. d4 Nf6 3. Nc3 c6 4. f4 Qa5 5. Bd3 Qb6 6. Nf3 Bg4 7. Be2 e6 8. e5
Nd5 9. Ne4 dxe5 10. fxe5 h6 11. O-O Bf5 12. Ng3 Bh7 13. c4 Nb4 14. c5 Qc7 15.
Ne1 Nd7 16. a3 Nd5 17. Bh5 g6 18. Be2 f5 19. exf6 N7xf6 20. Nd3 Bg7 21. Nf4 Qd7
22. Nxd5 exd5 23. Bf4 O-O 24. Be5 h5 25. h4 Rae8 26. a4 Re6 27. Ra3 Rfe8 28.
Raf3 Ng4 29. Rf7 Qxf7 30. Rxf7 Kxf7 31. Bxg4 hxg4 32. Qxg4 Bxe5 33. dxe5 Rxe5
34. Kh2 R8e6 35. b4 a6 36. Qf4+ Kg7 37. Qd4 Kg8 38. Qf4 Kg7 39. Qd4 Bg8 40. Ne2
Kh7 41. Nf4 Re7 42. Nh3 Bf7 43. Ng5+ Kg8 44. Qf4 Re2 45. Qf6 R2e5 1-0

[Event "Campionatul Naíonal pe echipe-Divizia "]
[Site "Mamaia-jud.Constanta"]
[Date "2015.10.07"]
[Round "5.3"]
[White "Patrascu, Catalin  Lucian"]
[Black "Chima, Radu-Niculin"]
[Result "1-0"]
[WhiteElo "2236"]
[BlackElo "2100"]
[PlyCount "59"]
[EventDate "2015.10.03"]
[EventType "team"]
[EventRounds "9"]
[WhiteTeam "ACS PHEONIX  BUZAU"]

1. e4 Nf6 2. e5 Nd5 3. d4 d6 4. c4 Nb6 5. exd6 cxd6 6. Nc3 g6 7. Be3 Bg7 8. Rc1
O-O 9. b3 Nc6 10. d5 Ne5 11. Be2 f5 12. f4 Ned7 13. Nf3 Nf6 14. Nd4 Bd7 15. O-O
Re8 16. Bf3 Ng4 17. Bxg4 fxg4 18. f5 Bxd4 19. Qxd4 Bxf5 20. Bh6 e5 21. dxe6 Qc7
22. Nd5 Nxd5 23. cxd5 Qe7 24. h3 g3 25. Rxf5 gxf5 26. Rc3 f4 27. Qxf4 Rf8 28.
Rxg3+ Kh8 29. Qd4+ Rf6 30. Rf3 1-0

[Event "Campionatul Naíonal pe echipe-Divizia "]
[Site "Mamaia-jud.Constanta"]
[Date "2015.10.08"]
[Round "6.4"]
[White "Patrascu, Catalin  Lucian"]
[Black "Suciu, Dinu Simi"]
[Result "1/2-1/2"]
[WhiteElo "2236"]
[BlackElo "2202"]
[PlyCount "91"]
[EventDate "2015.10.03"]
[EventType "team"]
[EventRounds "9"]
[WhiteTeam "ACS PHEONIX  BUZAU"]
[BlackTeam "CS MUNCITORUL RE?I?A"]

1. c4 c6 2. e4 g6 3. d4 Bg7 4. Nc3 d5 5. exd5 cxd5 6. cxd5 Nf6 7. Bb5+ Nbd7 8.
d6 exd6 9. Qe2+ Qe7 10. Bf4 a6 11. Bxd6 Qxe2+ 12. Bxe2 Nb6 13. Nf3 Be6 14. O-O
O-O-O 15. Be5 Nh5 16. Bxg7 Nxg7 17. Rfd1 Nf5 18. Rac1 Kb8 19. b3 Rd7 20. Ne4
Re7 21. Neg5 Bd5 22. Bd3 h6 23. Bxf5 hxg5 24. Bd3 Bxf3 25. gxf3 Nd5 26. Re1 Rd7
27. Bf1 Nf4 28. Rcd1 f5 29. Re3 Rhd8 30. d5 Rxd5 31. Rxd5 Rxd5 32. Re8+ Kc7 33.
Rh8 Rd4 34. h3 b5 35. a3 Kc6 36. Rc8+ Kb6 37. Rb8+ Kc6 38. Rc8+ Kb6 39. Rh8 Ka7
40. Rh6 Kb6 41. Rh8 Ka5 42. Rh6 Rd1 43. h4 Ne2+ 44. Kg2 Nf4+ 45. Kg1 Ne2+ 46.
Kg2 1/2-1/2

[Event "Campionatul Naíonal pe echipe-Divizia "]
[Site "Mamaia-jud.Constanta"]
[Date "2015.10.09"]
[Round "7.4"]
[White "Radu, Ioan"]
[Black "Patrascu, Catalin  Lucian"]
[Result "1-0"]
[WhiteElo "2196"]
[BlackElo "2236"]
[PlyCount "151"]
[EventDate "2015.10.03"]
[EventType "team"]
[EventRounds "9"]
[WhiteTeam "ACS COMEX  BUCURE?TI"]
[BlackTeam "ACS PHEONIX  BUZAU"]

1. Nf3 Nf6 2. d4 e6 3. Bf4 b6 4. Nbd2 Bb7 5. e3 Be7 6. Bd3 d5 7. a4 a6 8. c3 c5
9. Qb1 Nc6 10. O-O O-O 11. Ne5 h6 12. Ndf3 Rc8 13. h3 Na5 14. Nd2 Nd7 15. Qd1
Nxe5 16. Bxe5 Nc6 17. Bh2 Bd6 18. Bxd6 Qxd6 19. f4 Rc7 20. Qe2 a5 21. Rf2 Bc8
22. Kh1 Bd7 23. g3 Be8 24. Nf3 f5 25. Ne5 Nxe5 26. fxe5 Qd8 27. Kh2 Bg6 28.
Raf1 Rcf7 29. h4 Qe8 30. Bc2 Rc7 31. Qa6 Qb8 32. g4 Rcf7 33. Rf4 Qd8 34. Kg3
Qc7 35. gxf5 Bxf5 36. Bxf5 exf5 37. h5 Qd8 38. Qe2 Qg5+ 39. Kh2 Qe7 40. Rg1 Qd7
41. Rg6 Qxa4 42. Rxb6 cxd4 43. exd4 Qa1 44. Rf1 Qa2 45. Rf2 f4 46. Qf3 Rf5 47.
Rg2 Kh8 48. Rbg6 R5f7 49. e6 Re7 50. Qg4 f3 51. Rf2 Qc4 52. Qh4 Qc7+ 53. Qg3
Qxg3+ 54. Kxg3 Rfe8 55. Rxf3 Rxe6 56. Rxe6 Rxe6 57. Rf8+ Kh7 58. Rd8 Rb6 59.
Rxd5 a4 60. Ra5 Rxb2 61. Rxa4 Rc2 62. Rc4 Kg8 63. Rc7 Kf8 64. c4 Ke8 65. c5 Rd2
66. Rxg7 Rxd4 67. c6 Kd8 68. Rg6 Kc7 69. Rxh6 Rc4 70. Rg6 Ra4 71. h6 Ra1 72.
Rf6 Rh1 73. Kg4 Rg1+ 74. Kh5 Rh1+ 75. Kg6 Rg1+ 76. Kf7 1-0

[Event "Campionatul Naíonal pe echipe-Divizia "]
[Site "Mamaia-jud.Constanta"]
[Date "2015.10.10"]
[Round "8.4"]
[White "Ambru, Dan Calin"]
[Black "Patrascu, Catalin  Lucian"]
[Result "0-1"]
[WhiteElo "2114"]
[BlackElo "2236"]
[PlyCount "68"]
[EventDate "2015.10.03"]
[EventType "team"]
[EventRounds "9"]
[WhiteTeam "CSM CORAL IMPEX CLUJ-NAPOCA"]
[BlackTeam "ACS PHEONIX  BUZAU"]

1. c4 Nf6 2. Nf3 e6 3. g3 d5 4. d4 Be7 5. Bg2 O-O 6. O-O c6 7. Qc2 b6 8. b3
Nbd7 9. Bb2 Ba6 10. Nbd2 c5 11. Rad1 Rc8 12. Qb1 Qc7 13. e4 dxc4 14. Nxc4 Bxc4
15. bxc4 cxd4 16. Nxd4 Qxc4 17. Rc1 Qa4 18. e5 Rxc1 19. Rxc1 Nxe5 20. Nxe6 fxe6
21. Bxe5 Ng4 22. Bc6 Qa5 23. Bd4 Qh5 24. h4 e5 25. Qb5 Qh6 26. Bb2 Nxf2 27.
Qxe5 Bc5 28. Qd5+ Kh8 29. Kg2 Ng4 30. Kh3 Nf2+ 31. Kg2 Nd3 32. Rf1 Qd2+ 33. Kh3
Rxf1 34. Bb5 Nf2+ 0-1

[Event "Campionatul Naíonal pe echipe-Divizia "]
[Site "Mamaia-jud.Constanta"]
[Date "2015.10.11"]
[Round "9.3"]
[White "Bogdan , Dan"]
[Black "Patrascu, Catalin  Lucian"]
[Result "1/2-1/2"]
[WhiteElo "2387"]
[BlackElo "2236"]
[PlyCount "46"]
[EventDate "2015.10.03"]
[EventType "team"]
[EventRounds "9"]
[WhiteTeam "ACS ?AH CLUB VADOS ARAD"]
[BlackTeam "ACS PHEONIX  BUZAU"]

1. g3 Nf6 2. Bg2 d5 3. Nf3 e6 4. O-O Be7 5. b3 O-O 6. Bb2 c5 7. d4 cxd4 8. Nxd4
Nc6 9. c4 Bd7 10. Nc3 dxc4 11. Nxc6 Bxc6 12. Bxc6 bxc6 13. bxc4 Rb8 14. Rb1 Qa5
15. Na4 Rfd8 16. Qc2 Rb4 17. Bxf6 Bxf6 18. Rxb4 Qxb4 19. Rb1 Qa5 20. Rd1 Rb8
21. Rb1 Re8 22. e3 g6 23. Qb3 Be5 1/2-1/2

[Event "Bacau City Cup 2015"]
[Site "Bacau, Pensiunea "]
[Date "2015.09.10"]
[Round "1.4"]
[White "Patrascu, Catalin  Lucian"]
[Black "Durac, Eugen"]
[Result "1-0"]
[WhiteElo "2212"]
[BlackElo "1612"]
[PlyCount "55"]
[EventDate "2015.09.10"]
[EventRounds "7"]

1. e4 e5 2. Nf3 d6 3. d4 exd4 4. Nxd4 Nf6 5. Nc3 Be7 6. Be2 O-O 7. O-O Be6 8.
f4 Bd7 9. Kh1 Nc6 10. Be3 Nxd4 11. Bxd4 Qc8 12. e5 Ng4 13. Nd5 Re8 14. Bd3 Bc6
15. Nxe7+ Rxe7 16. e6 Nh6 17. f5 fxe6 18. f6 Rf7 19. Qh5 Nf5 20. fxg7 Bd7 21.
g4 e5 22. gxf5 Bc6+ 23. Rf3 Bxf3+ 24. Qxf3 exd4 25. f6 Qe8 26. Qh5 Rxf6 27.
Qxh7+ Kf7 28. g8=Q# 1-0

[Event "Bacau City Cup 2015"]
[Site "Bacau, Pensiunea "]
[Date "2015.09.11"]
[Round "2.4"]
[White "Craciun, Constantin-Bogdan"]
[Black "Patrascu, Catalin  Lucian"]
[Result "0-1"]
[WhiteElo "1766"]
[BlackElo "2212"]
[PlyCount "74"]
[EventDate "2015.09.10"]
[EventRounds "7"]

1. e4 c5 2. Bc4 e6 3. Nc3 Nc6 4. d3 a6 5. a3 g6 6. f4 Bg7 7. Nf3 Nge7 8. e5 d5
9. exd6 Nf5 10. Ne4 Nxd6 11. Nxd6+ Qxd6 12. O-O O-O 13. a4 b6 14. Ng5 Nd4 15.
c3 Nf5 16. Ne4 Qc6 17. Qe2 Bb7 18. Bb3 Rad8 19. Bc2 Rd7 20. a5 b5 21. Qf2 Rc8
22. h3 c4 23. dxc4 Qxc4 24. Nd2 Qc7 25. Bxf5 exf5 26. Nf3 Rd3 27. Be3 Re8 28.
Rfe1 Be4 29. Bd4 Qxf4 30. Bxg7 Kxg7 31. Nd4 Qc7 32. Re3 Rxe3 33. Qxe3 h6 34. h4
Re5 35. h5 Bxg2 36. Qg3 f4 37. Qf2 Rg5 0-1

[Event "Bacau City Cup 2015"]
[Site "Bacau, Pensiunea "]
[Date "2015.09.11"]
[Round "3.3"]
[White "Patrascu, Catalin  Lucian"]
[Black "Lazar, Ionut-Flavius"]
[Result "1/2-1/2"]
[WhiteElo "2212"]
[BlackElo "1937"]
[PlyCount "91"]
[EventDate "2015.09.10"]
[EventRounds "7"]

1. Nf3 Nf6 2. c4 g6 3. d4 d6 4. Nc3 Bg7 5. e4 O-O 6. Be2 Nbd7 7. O-O e5 8. Re1
c6 9. Bf1 Qe7 10. d5 c5 11. a3 Rd8 12. b4 h6 13. Rb1 b6 14. Bd3 Nh5 15. Bc2 Ba6
16. Nd2 Nf4 17. Qf3 Nf6 18. Ba4 Bc8 19. Bc6 Bg4 20. Qe3 Rab8 21. f3 Bd7 22. Nf1
h5 23. g3 Nh3+ 24. Kg2 g5 25. Qe2 g4 26. Ne3 gxf3+ 27. Qxf3 Ng5 28. Nf5 Nxf3
29. Nxe7+ Kf8 30. Kxf3 Bg4+ 31. Kg2 Kxe7 32. Bg5 a5 33. Rf1 axb4 34. axb4 Bh8
35. Ra1 cxb4 36. Ra7+ Kf8 37. Nb5 Nxe4 38. Bxd8 Rxd8 39. Rfxf7+ Kg8 40. Rf1 Nd2
41. Rf2 Nxc4 42. h3 Bf5 43. Ra4 Be4+ 44. Kh2 Bd3 45. Rxb4 e4 46. Rf4 1/2-1/2

[Event "8th Arad Open 2015"]
[Site "Arad ROU"]
[Date "2015.08.06"]
[Round "1.11"]
[White "Patrascu, Catalin  Lucian"]
[Black "Nikolov, Momchil"]
[Result "1/2-1/2"]
[WhiteElo "2115"]
[BlackElo "2531"]
[PlyCount "174"]
[EventDate "2015.08.06"]

1. e4 c5 2. Ne2 e6 3. d4 cxd4 4. Nxd4 a6 5. c4 Nf6 6. Nc3 Bb4 7. Bd3 Qc7 8. O-O
Nc6 9. Nc2 Bc5 10. Kh1 d6 11. f4 Bd7 12. a3 Nd4 13. b4 Ba7 14. Nxd4 Bxd4 15.
Bb2 e5 16. fxe5 Bxe5 17. Qe2 Qd8 18. Nd5 Ng4 19. h3 O-O 20. Rad1 Be6 21. Nf4
Bxb2 22. Qxb2 Qh4 23. Qd4 Rad8 24. Be2 Bc8 25. Nd5 Ne5 26. Rf4 Qg5 27. Rf2 Be6
28. Nf4 Bd7 29. Bf1 h6 30. b5 Qg3 31. a4 Bc8 32. Nd5 Be6 33. Ne7+ Kh7 34. Nf5
Qb3 35. Rfd2 Bxc4 36. Bxc4 Qxc4 37. Nxd6 Qxd4 38. Rxd4 axb5 39. axb5 Rd7 40.
Rd5 f6 41. b6 Ra8 42. Nf5 Rf7 43. Nd6 Re7 44. Rc1 Rd7 45. Rc7 Ra1+ 46. Kh2 Rb1
47. Nxb7 Rxd5 48. exd5 Rxb6 49. d6 h5 50. d7 Nf7 51. d8=Q Nxd8 52. Nxd8 Rd6 53.
Nb7 Rd3 54. Nc5 Re3 55. Kg1 Kh6 56. Kf2 Re5 57. Nd3 Rf5+ 58. Ke3 Rg5 59. Nf4
Ra5 60. Rd7 Ra3+ 61. Rd3 Ra2 62. Kf3 Ra4 63. h4 Ra6 64. Rd5 g5 65. Nd3 Kg6 66.
hxg5 fxg5 67. Ne5+ Kf6 68. Nc4 Ra2 69. Rd6+ Kf5 70. Ne3+ Ke5 71. Rh6 Ra3 72.
Kf2 Ra2+ 73. Kf3 Ra3 74. Rg6 g4+ 75. Kf2 Ra2+ 76. Kg1 Ke4 77. Re6+ Kf4 78. Nd5+
Kf5 79. Rb6 h4 80. Ne3+ Kf4 81. Nd5+ Ke5 82. Ne3 Kf4 83. Rb4+ Kxe3 84. Rxg4 h3
85. Rg3+ Kf4 86. Rxh3 Kg4 87. Rb3 Ra4 1/2-1/2

[Event "8th Arad Open 2015"]
[Site "Arad ROU"]
[Date "2015.08.12"]
[Round "9.18"]
[White "Balla, Tamas Kristof"]
[Black "Patrascu, Catalin  Lucian"]
[Result "0-1"]
[WhiteElo "2347"]
[BlackElo "2115"]
[PlyCount "58"]
[EventDate "2015.08.06"]

1. d4 Nf6 2. c4 c5 3. d5 b5 4. cxb5 a6 5. bxa6 g6 6. Nc3 Bxa6 7. g3 d6 8. Bg2
Bg7 9. Nf3 Nbd7 10. O-O Nb6 11. Ne1 O-O 12. Nc2 Nfd7 13. Ne3 Ne5 14. Qc2 Nbc4
15. Nxc4 Nxc4 16. b3 Qa5 17. bxc4 Qxc3 18. Qxc3 Bxc3 19. Bh6 Bxa1 20. Bxf8 Bf6
21. Bh6 Bxc4 22. Bf3 Rxa2 23. Rb1 Ra1 24. Rxa1 Bxa1 25. Kf1 Bb3 26. Ke1 c4 27.
e4 c3 28. Bc1 Bb2 29. Bd1 Bc4 0-1

[Event "Campionatele Nationale pe echipe de Jun"]
[Site "Iasi"]
[Date "2015.07.22"]
[Round "1.2"]
[White "Marcu, Mihai"]
[Black "Patrascu, Catalin  Lucian"]
[Result "0-1"]
[WhiteElo "1187"]
[BlackElo "2069"]
[PlyCount "96"]
[EventDate "2015.07.22"]
[EventType "team"]
[EventRounds "5"]
[WhiteTeam "CS VOINTA BUZAU"]
[BlackTeam "CSM FOCSANI 2007"]

1. e4 c5 2. Nf3 d6 3. Nc3 a6 4. h3 Nf6 5. Bc4 e6 6. d4 cxd4 7. Nxd4 b5 8. Bd3
Bb7 9. Bg5 Be7 10. O-O O-O 11. Nde2 b4 12. Bxf6 Bxf6 13. Na4 Nd7 14. Rb1 Rc8
15. c3 a5 16. Bc2 Qc7 17. Qd3 g6 18. Rfd1 d5 19. Ng3 Ne5 20. Qe2 Nc4 21. Qf3
Bg7 22. cxb4 Ne5 23. Qc3 axb4 24. Qxc7 Rxc7 25. Rdc1 Bh6 26. Re1 Rxc2 27. exd5
Nd3 28. Re2 Rxe2 29. Nxe2 Bxd5 30. b3 Nf4 31. Nxf4 Bxf4 32. Rd1 Rc8 33. g3 Rc1
34. Rxc1 Bxc1 35. Nc5 Kf8 36. Nd3 Bd2 37. Kf1 Be4 38. Nc5 Bf3 39. Nd3 f6 40.
Ne1 Bxe1 41. Kxe1 Ke7 42. Kd2 Kd6 43. Ke3 Bg2 44. Kd4 Bxh3 45. Kc4 h5 46. Kxb4
g5 47. a4 h4 48. a5 Bg2 0-1

[Event "Campionatele Nationale pe echipe de Jun"]
[Site "Iasi"]
[Date "2015.07.23"]
[Round "2.2"]
[White "Patrascu, Catalin  Lucian"]
[Black "Szocs, Teodor Iulian"]
[Result "1-0"]
[WhiteElo "2069"]
[BlackElo "1945"]
[PlyCount "75"]
[EventDate "2015.07.22"]
[EventType "team"]
[EventRounds "5"]
[WhiteTeam "CSM FOCSANI 2007"]
[BlackTeam "CSM PLOIESTI"]

1. e4 d5 2. exd5 Nf6 3. d4 Bg4 4. f3 Bf5 5. Bb5+ Nbd7 6. Nc3 a6 7. Ba4 b5 8.
Bb3 Nb6 9. Nge2 Nfxd5 10. Nxd5 Nxd5 11. Ng3 Bc8 12. Ne4 e6 13. Bg5 Qd7 14. O-O
Bb7 15. Qe2 Bd6 16. a4 O-O 17. c3 Rfc8 18. Bc2 c5 19. axb5 axb5 20. Rxa8 Bxa8
21. Nxd6 Qxd6 22. Qxb5 cxd4 23. Qd3 g6 24. Qxd4 e5 25. Qa7 Nb6 26. Bb3 Qc5+ 27.
Kh1 Rc7 28. Qa6 Bb7 29. Qe2 e4 30. f4 Rd7 31. f5 Nc8 32. Be3 Qd6 33. fxg6 hxg6
34. Qg4 Bd5 35. Rd1 Be6 36. Rxd6 Bxg4 37. Rxg6+ Kh7 38. Rxg4 1-0

[Event "Campionatele Nationale pe echipe de Jun"]
[Site "Iasi"]
[Date "2015.07.24"]
[Round "3.2"]
[White "Calin, Alexandru"]
[Black "Patrascu, Catalin  Lucian"]
[Result "1/2-1/2"]
[WhiteElo "2070"]
[BlackElo "2069"]
[PlyCount "73"]
[EventDate "2015.07.22"]
[EventType "team"]
[EventRounds "5"]
[WhiteTeam "CS TINERII MAESTRI BUCURESTI"]
[BlackTeam "CSM FOCSANI 2007"]

1. d4 d5 2. Nf3 Nf6 3. g3 e6 4. Bg2 Be7 5. c4 c6 6. O-O O-O 7. Qc2 b6 8. Rd1
Nbd7 9. Nbd2 Bb7 10. e4 Rc8 11. b3 c5 12. exd5 exd5 13. dxc5 Bxc5 14. Qf5 Qc7
15. Bb2 dxc4 16. Nxc4 Be4 17. Qg5 h6 18. Qh4 Qb7 19. Ncd2 Bc6 20. b4 Be7 21. b5
Bd5 22. Qh3 Rc2 23. Bd4 Bb4 24. Be3 Re8 25. Nd4 Rb2 26. Nc4 Bxg2 27. Qxg2 Qxg2+
28. Kxg2 Rxe3 29. Nxb2 Re4 30. f3 Re8 31. Na4 Nd5 32. Nc2 Re2+ 33. Kh3 Rxc2 34.
Rxd5 Nf6 35. Rd8+ Kh7 36. Ra8 g5 37. Rxa7 {indescifrabil} 1/2-1/2

[Event "25th Seacoast Trophy 2015"]
[Site "Eforie Nord ROU"]
[Date "2015.06.27"]
[Round "5.5"]
[White "Peptan, Corina-Isabela"]
[Black "Patrascu, Catalin  Lucian"]
[Result "1-0"]
[WhiteElo "2434"]
[BlackElo "2069"]
[PlyCount "103"]
[EventDate "2015.06.23"]

1. d4 d5 2. Nf3 Nf6 3. c4 dxc4 4. e3 e6 5. Bxc4 a6 6. O-O b5 7. Be2 Bb7 8. a4
b4 9. Nbd2 c5 10. Nc4 Nc6 11. a5 Be7 12. b3 cxd4 13. exd4 Nd5 14. Bb2 O-O 15.
Bd3 Rc8 16. Be4 Na7 17. Nb6 Rc7 18. Qd3 Nf4 19. Qe3 Nd5 20. Bxd5 Bxd5 21. Rac1
Nc6 22. Ne5 Nxa5 23. Nxd5 exd5 24. Rxc7 Qxc7 25. Rc1 Qb7 26. Qh3 Qb5 27. Rc2
Bd6 28. Qf3 Nb7 29. g3 Nd8 30. h4 Bxe5 31. dxe5 Ne6 32. Rd2 Rd8 33. Qd1 a5 34.
f4 g6 35. Kh2 Qd7 36. Qa1 Nc5 37. Qd1 Ne4 38. Rd4 h5 39. Kg2 Qc6 40. Rxe4 d4
41. Qd3 a4 42. bxa4 b3 43. Kf2 Rc8 44. Qxd4 Qe6 45. Re2 Qh3 46. Qe4 Qe6 47. Kg2
Rc4 48. Qa8+ Rc8 49. Qb7 Qc4 50. Rd2 Rc6 51. e6 Qe4+ 52. Kh2 1-0

[Event "25th Seacoast Trophy 2015"]
[Site "Eforie Nord ROU"]
[Date "2015.06.30"]
[Round "8.5"]
[White "Patrascu, Catalin  Lucian"]
[Black "Maksimovic , Suzana (SCG)"]
[Result "0-1"]
[WhiteElo "2069"]
[BlackElo "2238"]
[PlyCount "76"]
[EventDate "2015.06.23"]

1. e4 Nc6 2. d4 d5 3. e5 Bf5 4. Ne2 e6 5. Ng3 Bg6 6. h4 f6 7. Bb5 Qd7 8. O-O a6
9. Ba4 fxe5 10. dxe5 b5 11. Bb3 Bc5 12. h5 Bf7 13. Bf4 Nge7 14. c3 Nf5 15. Nxf5
exf5 16. Re1 Be6 17. Nd2 O-O 18. h6 Rad8 19. Nf3 g6 20. Nd4 Be7 21. Qd2 Na5 22.
Bg5 c5 23. Nf3 Nc4 24. Bxc4 bxc4 25. Bxe7 Qxe7 26. b4 d4 27. bxc5 dxc3 28. Qxc3
Rd3 29. Qa5 Bd5 30. Qxa6 Rxf3 31. gxf3 Qg5+ 32. Kf1 Bxf3 33. Qxc4+ Kh8 34. Red1
Qxh6 35. Ke1 Qh1+ 36. Kd2 Rd8+ 37. Ke3 Bxd1 38. Qf4 Qe1# 0-1

[Event "25th Seacoast Trophy 2015"]
[Site "Eforie Nord ROU"]
[Date "2015.07.02"]
[Round "10.8"]
[White "Patrascu, Catalin  Lucian"]
[Black "Senetia, Teodor Vasile"]
[Result "1-0"]
[WhiteElo "2069"]
[BlackElo "2143"]
[PlyCount "115"]
[EventDate "2015.06.23"]

1. e4 e5 2. Nf3 Nc6 3. Bb5 Nf6 4. Qe2 d6 5. c3 Be7 6. d4 exd4 7. cxd4 O-O 8.
O-O Bg4 9. Rd1 d5 10. e5 Nd7 11. Nc3 a6 12. Ba4 b5 13. Bc2 Nb6 14. h3 Be6 15.
b3 Qd7 16. Bg5 Bf5 17. Bxe7 Nxe7 18. Rac1 Ng6 19. Bxf5 Qxf5 20. Qc2 Qxc2 21.
Rxc2 Nf4 22. Ne2 Ne6 23. Ne1 Nd7 24. Nd3 a5 25. Ndf4 c5 26. Nxe6 fxe6 27. dxc5
Nxe5 28. Nd4 Ra6 29. Nxb5 Rc8 30. Nd4 Kf7 31. f4 Nc6 32. a3 Rb8 33. Nxc6 Rxc6
34. Rb1 Rb5 35. b4 axb4 36. axb4 Kf6 37. Kf2 g5 38. g3 gxf4 39. gxf4 e5 40. Ke3
Kf5 41. fxe5 Kxe5 42. Kd3 Rh6 43. Re2+ Kf5 44. Rf1+ Kg5 45. Re5+ Kh4 46. Rxd5
Rxb4 47. Rd4+ Rxd4+ 48. Kxd4 Kg3 49. Rc1 Rc6 50. Rc3+ Kh4 51. Kd5 Rc8 52. c6 h5
53. Kd6 Rg8 54. c7 Rg6+ 55. Ke5 Rg5+ 56. Ke6 Rg6+ 57. Kf7 Rf6+ 58. Ke7 1-0

[Event "Campionatul  National de sah pentru cop"]
[Site "Calimanesti-Caciulata"]
[Date "2015.03.30"]
[Round "1.2"]
[White "Patrascu, Catalin  Lucian"]
[Black "Popa, Gabriel"]
[Result "1-0"]
[WhiteElo "2174"]
[BlackElo "1842"]
[PlyCount "79"]
[EventDate "2015.03.30"]
[EventRounds "7"]

1. e4 e6 2. d4 d5 3. Nd2 c5 4. exd5 exd5 5. Ngf3 Nc6 6. Bb5 Be6 7. O-O a6 8.
Bxc6+ bxc6 9. Re1 c4 10. Ne5 Qc8 11. Ndf3 Be7 12. Qe2 Ra7 13. b3 cxb3 14. axb3
Nf6 15. Ba3 Bxa3 16. Rxa3 O-O 17. Rea1 Nh5 18. Rxa6 Nf4 19. Qf1 Rc7 20. Nd3
Nxd3 21. Qxd3 Bf5 22. Qc3 c5 23. Ra7 Rxa7 24. Rxa7 cxd4 25. Qxc8 Rxc8 26. Nxd4
g6 27. Nxf5 gxf5 28. Ra2 Rc3 29. Kf1 d4 30. Rb2 d3 31. cxd3 Rxd3 32. b4 Rd6 33.
b5 Rb6 34. Ke2 Kf8 35. Kd3 Ke7 36. Kc4 Kd6 37. Ra2 Kd7 38. Ra7+ Kc8 39. Rxf7
Rg6 40. g3 1-0

[Event "Campionatul  National de sah pentru cop"]
[Site "Calimanesti-Caciulata"]
[Date "2015.03.31"]
[Round "2.1"]
[White "Vasiesiu, Victor"]
[Black "Patrascu, Catalin  Lucian"]
[Result "1/2-1/2"]
[WhiteElo "2018"]
[BlackElo "2174"]
[PlyCount "78"]
[EventDate "2015.03.30"]
[EventRounds "7"]

1. e4 c5 2. Nc3 Nc6 3. f4 g6 4. Nf3 Bg7 5. Bb5 Nd4 6. a4 a6 7. Bc4 e6 8. O-O
Ne7 9. d3 O-O 10. Kh1 d5 11. Ba2 Rb8 12. f5 dxe4 13. Nxe4 Nexf5 14. c3 Nxf3 15.
Qxf3 Bd7 16. Bg5 Qc7 17. Nf6+ Bxf6 18. Bxf6 Bc6 19. Qh3 h5 20. Rae1 Qd7 21. Kg1
Rbd8 22. g4 Qxd3 23. Qxd3 Rxd3 24. gxf5 gxf5 25. Be7 Re8 26. Bxc5 Kh7 27. Kf2
Rh3 28. Bd6 Rg8 29. Rg1 Rxg1 30. Rxg1 Rd3 31. Be5 Rd2+ 32. Ke3 Rxb2 33. Bc4 Bg2
34. Bf1 Bxf1 35. Rxf1 Ra2 36. Rf4 Rb2 37. Rh4 Rb3 38. Kf2 Kg6 39. c4 f6 1/2-1/2

[Event "Campionatul  National de sah pentru cop"]
[Site "Calimanesti-Caciulata"]
[Date "2015.04.01"]
[Round "3.3"]
[White "Patrascu, Catalin  Lucian"]
[Black "Herea, Sergiu-Gabriel"]
[Result "1-0"]
[WhiteElo "2174"]
[BlackElo "1916"]
[PlyCount "97"]
[EventDate "2015.03.30"]
[EventRounds "7"]

1. e4 e6 2. d4 d5 3. Nd2 Nf6 4. e5 Nfd7 5. Bd3 c5 6. c3 Nc6 7. Ne2 Qb6 8. Nf3
Be7 9. O-O O-O 10. a3 f6 11. exf6 Nxf6 12. b4 c4 13. Bc2 Bd6 14. Bf4 Bxf4 15.
Nxf4 Qc7 16. g3 Bd7 17. b5 Nd8 18. a4 Nf7 19. Re1 Rae8 20. Ne5 Nd6 21. f3 Bc8
22. Qd2 g6 23. h4 Nf5 24. Qh2 Ng7 25. g4 Nd7 26. h5 g5 27. h6 Rxf4 28. hxg7 Nf6
29. Bg6 Qxg7 30. Bxe8 Nxe8 31. Ra2 Nd6 32. Qh5 Nf7 33. Nxf7 Rxf7 34. Re5 h6 35.
Rh2 Rxf3 36. Qxh6 Qxh6 37. Rxh6 Rg3+ 38. Kf2 Rxg4 39. Rg6+ Kf7 40. Rexg5 Rxg5
41. Rxg5 Bd7 42. Ke3 Ke7 43. Rg8 a6 44. bxa6 bxa6 45. a5 Bc6 46. Rb8 Bd7 47.
Kf4 Kf6 48. Rb6 Bc8 49. Rc6 1-0

[Event "Campionatul  National de sah pentru cop"]
[Site "Calimanesti-Caciulata"]
[Date "2015.04.02"]
[Round "4.1"]
[White "Salim, Riza"]
[Black "Patrascu, Catalin  Lucian"]
[Result "1/2-1/2"]
[WhiteElo "2062"]
[BlackElo "2174"]
[PlyCount "28"]
[EventDate "2015.03.30"]
[EventRounds "7"]

1. e4 e6 2. d4 d5 3. Nc3 Bb4 4. Nge2 dxe4 5. a3 Bxc3+ 6. Nxc3 Nc6 7. d5 exd5 8.
Qxd5 Be6 9. Qxe4 Nf6 10. Qf4 O-O 11. Bd3 Re8 12. O-O Qe7 13. b4 Rad8 14. Be3
Ng4 1/2-1/2

[Event "Campionatul  National de sah pentru cop"]
[Site "Calimanesti-Caciulata"]
[Date "2015.04.02"]
[Round "5.2"]
[White "Patrascu, Catalin  Lucian"]
[Black "Acsinte, Matei-Ionut"]
[Result "1/2-1/2"]
[WhiteElo "2174"]
[BlackElo "2122"]
[PlyCount "33"]
[EventDate "2015.03.30"]
[EventRounds "7"]

1. e4 c5 2. Nf3 Nc6 3. d4 cxd4 4. Nxd4 e5 5. Nb5 d6 6. c4 Be7 7. N1c3 a6 8. Na3
f5 9. exf5 Bxf5 10. Bd3 Be6 11. Nc2 Nf6 12. O-O O-O 13. Qe2 Rc8 14. b3 Qd7 15.
Nd5 Nxd5 16. cxd5 Bxd5 17. Qh5 1/2-1/2

[Event "Campionatul  National de sah pentru cop"]
[Site "Calimanesti-Caciulata"]
[Date "2015.04.03"]
[Round "6.3"]
[White "Andreescu, Darie-Ioan"]
[Black "Patrascu, Catalin  Lucian"]
[Result "1-0"]
[WhiteElo "2167"]
[BlackElo "2174"]
[PlyCount "85"]
[EventDate "2015.03.30"]
[EventRounds "7"]

1. d4 d5 2. c4 dxc4 3. Nf3 Nf6 4. e3 e6 5. Bxc4 a6 6. a4 b6 7. O-O Bb7 8. Nc3
Bb4 9. Bd2 O-O 10. Qe2 Nbd7 11. Rfd1 Qe7 12. Rac1 Rfd8 13. Be1 c5 14. Ba2 h6
15. Ne5 cxd4 16. exd4 Nf8 17. Bb1 Rac8 18. f3 Nd5 19. Be4 Nf4 20. Qf1 f6 21.
Nc4 f5 22. Bxb7 Qxb7 23. Ne3 Rd7 24. Bg3 N4g6 25. Bf2 Rdc7 26. Na2 Be7 27. Rxc7
Rxc7 28. d5 f4 29. Nc4 exd5 30. Nxb6 d4 31. Bxd4 Kh7 32. Nc3 Ne6 33. Bf2 Bc5
34. Nbd5 Bxf2+ 35. Qxf2 Rc4 36. Qe2 Qc6 37. h3 Qc5+ 38. Kh2 Nd4 39. Qd3 Nc6 40.
Ne4 Qd4 41. Qe2 Qa7 42. Qxc4 Nce5 43. Qc7 1-0

[Event "Campionatul  National de sah pentru cop"]
[Site "Calimanesti-Caciulata"]
[Date "2015.04.04"]
[Round "7.6"]
[White "Patrascu, Catalin  Lucian"]
[Black "Sandor, Tamas"]
[Result "1-0"]
[WhiteElo "2174"]
[BlackElo "1785"]
[PlyCount "91"]
[EventDate "2015.03.30"]
[EventRounds "7"]

1. e4 c5 2. Nf3 e6 3. d4 cxd4 4. Nxd4 a6 5. c4 Nf6 6. Nc3 Qc7 7. Be3 Be7 8. Be2
b6 9. O-O Bb7 10. f3 O-O 11. Qd2 d6 12. Rfc1 Nbd7 13. a4 Rfe8 14. a5 Bd8 15.
Nb3 Qb8 16. axb6 Nxb6 17. Na5 Bc7 18. Kh1 Nfd7 19. b4 Ne5 20. c5 Nc8 21. Na4
Bxa5 22. bxa5 Bc6 23. Nb6 Nxb6 24. cxb6 Rc8 25. Ra2 d5 26. Rac2 Qb7 27. Bf4 Ng6
28. Bc7 Ba4 29. Rc5 Ne7 30. Bd3 Bc6 31. e5 Bd7 32. Bb1 Bb5 33. Qc2 g6 34. Qb3
Bc4 35. Qa4 Bb5 36. Rxb5 axb5 37. Qxb5 Nf5 38. Bd3 Nd4 39. Qa4 Nb3 40. Qxb3
Rxa5 41. h3 Rca8 42. Bb5 Ra1 43. Qb2 R1a2 44. Qd4 R8a5 45. Bc6 Qc8 46. Rb1 1-0